Statistics for Countries By Latter-Day Saints

Click here to take the quiz!

General Stats

  • This quiz has been taken 6 times
  • The average score is 6 of 10

Answer Stats

%Continent & Number of LettersAnswer% Correct
42.5%Oceania/5 lettersSamoa
100%
29.8%Oceania/13 lettersAmerican Samoa
83%
5.5%Oceania/10 lettersMicronesia
83%
63.5%Oceania/5 lettersTonga
83%
17.8%Oceania/8 lettersKiribati
67%
11.9%Oceania/15 lettersMarshall Islands
67%
3.4%Oceania/7 lettersVanuatu
50%
4.4%Oceania/11 lettersCook Islands
17%
10.3%Oceania/15 lettersFrench Polynesia
17%
8.7%Oceania/4 lettersNiue
0%

Score Distribution

Percentile by Number Answered

Percent of People with Each Score

Your Score History

You have not taken this quiz